Química medioambiental
| Main Authors: | , |
|---|---|
| Format: | Section = Libro |
| Language: | Undetermined Spanish |
| Published: |
Madrid
Pearson
2004
|
| Edition: | 2a.ed |
| Subjects: |
| LEADER | 00575nam a2200229Ia 4500 | ||
|---|---|---|---|
| 008 | 240830s9999 xx 000 0 und d | ||
| 020 | |a 84-205-3905-8 | ||
| 040 | |a CEDOC FIQ-RUSB / 574.5222 S757 | ||
| 041 | |a spa | ||
| 082 | |a 574.5222 S757 | ||
| 100 | 1 | |a Spiro, Thomas G. | |
| 100 | 1 | |b Stigliani, William M. | |
| 245 | 1 | 0 | |a Química medioambiental |
| 250 | |a 2a.ed | ||
| 260 | |a Madrid |b Pearson |c 2004 | ||
| 300 | |a 520 p. :il | ||
| 650 | 7 | |a QUIMICA DEL MEDIO AMBIENTE | |
| 650 | 7 | |b CONTAMINACION | |
| 650 | 7 | |c ECOLOGIAIS | |
| 942 | |c BK |2 ddc | ||
| 991 | |a TEXTO | ||
| 999 | |c 13756 | ||